[Event "BL2 Sued 1718 (Women)"]
[Site "Germany"]
[Date "2018.02.17"]
[Round "6.5"]
[White "Stitterich, Nadine"]
[Black "Yelina, Lyubov"]
[Result "1-0"]
[WhiteElo "1979"]
[BlackElo "1730"]
[PlyCount "49"]
[EventDate "2017.10.14"]
[EventType "team-tourn"]
[EventRounds "7"]
[EventCountry "GER"]
[SourceTitle "EXT 2019"]
[Source "ChessBase"]
[SourceDate "2018.10.10"]
[SourceVersion "1"]
[SourceVersionDate "2018.10.10"]
[SourceQuality "1"]
[WhiteTeam "Stuttgart Wolfbusch (W)"]
[BlackTeam "Forstenried (W)"]
[WhiteTeamCountry "GER"]
[BlackTeamCountry "GER"]

1. e4 c5 2. Nf3 Nc6 3. Bb5 d6 4. 0-0 Nf6 5. Re1 a6 6. Ba4 Bg4 7. c3 b5 8. Bc2 g6 9. h3 Bh5 10. d3 h6 11. Nbd2 Qd7 12. Nf1 g5 13. Ng3 g4 14. Nh2 gxh3 15. Nxh5 Nxh5 16. Qxh5 Rg8 17. g3 d5 18. exd5 Qxd5 19. Qxh3 Qd7 20. Qxd7+ Kxd7 21. Bb3 Rg7 22. Bxh6 Rh7 23. Bxf8 Rxf8 24. Ng4 f6 25. Rad1 1-0

[Event "BL2 Sued 1718 (Women)"]
[Site "Germany"]
[Date "2017.10.15"]
[Round "2.6"]
[White "Yelina, Lyubov"]
[Black "Hiller, Vanessa"]
[Result "1-0"]
[WhiteElo "1730"]
[BlackElo "1651"]
[PlyCount "115"]
[EventDate "2017.10.14"]
[EventType "team-tourn"]
[EventRounds "7"]
[EventCountry "GER"]
[SourceTitle "EXT 2019"]
[Source "ChessBase"]
[SourceDate "2018.10.10"]
[SourceVersion "1"]
[SourceVersionDate "2018.10.10"]
[SourceQuality "1"]
[WhiteTeam "Forstenried (W)"]
[BlackTeam "Gernsheim (W)"]
[WhiteTeamCountry "GER"]
[BlackTeamCountry "GER"]

1. e4 c5 2. Nc3 Nc6 3. Bc4 g6 4. Nge2 Bg7 5. 0-0 e6 6. d3 Nge7 7. Nf4 Qc7 8. Nb5 Qb8 9. Re1 a6 10. Nc3 b5 11. Bb3 Be5 12. Nce2 Bb7 13. c3 0-0 14. h4 f5 15. h5 g5 16. Nxe6 dxe6 17. Bxe6+ Kh8 18. Bxg5 Qd6 19. Bb3 Na5 20. f4 Bf6 21. Bh6 Rfd8 22. Bg5 c4 23. dxc4 Qb6+ 24. Nd4 Bxg5 25. fxg5 Bxe4 26. cxb5 axb5 27. Bc2 Bxc2 28. Qxc2 Nac6 29. Kh1 Nxd4 30. cxd4 Rxd4 31. Qf2 Raa4 32. Kg1 Qd6 33. Qe3 Re4 34. Qc3+ Rad4 35. Rxe4 fxe4 36. Rd1 Nf5 37. Qc8+ Kg7 38. h6+ Nxh6 39. gxh6+ Kxh6 40. Qh3+ Kg6 41. Qg4+ Kf7 42. Qf5+ Kg7 43. Qg4+ Kf6 44. Rf1+ Ke7 45. Qg7+ Ke8 46. Qh8+ Kd7 47. Rf7+ Kc6 48. Rf6 Rd1+ 49. Kf2 Rd2+ 50. Ke3 Rd3+ 51. Kxe4 Rd4+ 52. Ke3 Rd3+ 53. Kf2 Rd2+ 54. Kf3 Rd3+ 55. Kg4 Rd4+ 56. Kh5 Rd5+ 57. Kh4 Rd4+ 58. g4 1-0

[Event "Regionalliga Sued 1617 (Women)"]
[Site "Germany"]
[Date "2016.10.23"]
[Round "1.4"]
[White "Vuckovic, Marianne"]
[Black "Yelina, Lyubov"]
[Result "1/2-1/2"]
[WhiteElo "1044"]
[BlackElo "1730"]
[PlyCount "59"]
[EventDate "2016.10.23"]
[EventType "team-tourn"]
[EventRounds "5"]
[EventCountry "GER"]
[SourceTitle "EXT 2018"]
[Source "ChessBase"]
[SourceDate "2017.10.13"]
[SourceVersion "1"]
[SourceVersionDate "2017.10.13"]
[SourceQuality "1"]
[WhiteTeam "Augsburg SF (W)"]
[BlackTeam "Forstenried (W)"]
[WhiteTeamCountry "GER"]
[BlackTeamCountry "GER"]

1. d4 Nf6 2. e3 d5 3. Nf3 e6 4. Bd3 Nbd7 5. 0-0 c5 6. c3 Bd6 7. Nbd2 0-0 8. b3 cxd4 9. cxd4 e5 10. dxe5 Nxe5 11. Nxe5 Bxe5 12. Rb1 Ng4 13. g3 Qf6 14. Nf3 Nh6 15. Nxe5 Qxe5 16. Bb2 Qg5 17. f4 Qg4 18. Qxg4 Bxg4 19. e4 dxe4 20. Bxe4 Bf5 21. Bxf5 Nxf5 22. Rf3 Rac8 23. Rc1 Rxc1+ 24. Bxc1 Rd8 25. Kg2 f6 26. Rc3 Rd7 27. a4 a6 28. Be3 Nxe3+ 29. Rxe3 Kf7 30. h4 1/2-1/2

[Event "Regionalliga SW 0910"]
[Site "Bayern"]
[Date "2010.02.28"]
[Round "7.8"]
[White "Dervisevic, Ramiz"]
[Black "Yelina, Lyubov"]
[Result "1-0"]
[WhiteElo "1831"]
[BlackElo "1307"]
[PlyCount "93"]
[EventDate "2009.10.18"]
[EventType "team-tourn"]
[EventRounds "9"]
[EventCountry "GER"]
[SourceTitle "EXT 2011"]
[Source "ChessBase"]
[SourceDate "2010.11.26"]
[SourceVersion "1"]
[SourceVersionDate "2010.11.26"]
[SourceQuality "1"]
[WhiteTeam "Unterhaching"]
[BlackTeam "Muenchen Schwabing"]
[WhiteTeamCountry "GER"]
[BlackTeamCountry "GER"]

1. d4 d5 2. Nf3 Nf6 3. b3 Bf5 4. Bb2 e6 5. e3 c5 6. Bd3 Bg4 7. Nbd2 Nc6 8. 0-0 Bd6 9. h3 Bh5 10. Be2 0-0 11. Ne5 Bxe2 12. Qxe2 Qc7 13. f4 cxd4 14. exd4 Nd7 15. Rac1 Rad8 16. c4 dxc4 17. Ndxc4 Ndxe5 18. fxe5 Be7 19. a3 b5 20. Qe4 Bg5 21. Nd6 Bxc1 22. Rxc1 Rc8 23. Nxc8 Rxc8 24. d5 exd5 25. Qxd5 Qb7 26. e6 Nd8 27. exf7+ Kf8 28. Bxg7+ Kxg7 29. f8Q+ Kxf8 30. Qf5+ Ke8 31. Rxc8 Qb6+ 32. Qc5 Qf6 33. Qc7 Qd4+ 34. Kh2 h5 35. Rxd8+ Qxd8 36. Qxd8+ Kxd8 37. g4 hxg4 38. hxg4 Ke7 39. Kg3 a5 40. Kf4 Kf6 41. Ke4 Kg5 42. Kd5 b4 43. a4 Kxg4 44. Kc5 Kf4 45. Kb5 Ke4 46. Kxa5 Kd5 47. Kxb4 1-0